000 00402nam a2200169Ia 4500
003 0STCL
008 150530s9999 xx 000 0 und d
040 _aSTCL
_cSTCL
100 _aSharma, O.P.; Siddiqui, S.A.
245 _aText book of botany vol II
250 _aFirst
260 _bPragati Prakashan
_c1982
546 _aEnglish
942 _2ddc
_cBK
999 _c37017
_d37017
005 20220125170413.0